Statistics for Cities Starting with G in Chinese Pinyin

Click here to take the quiz!

General Stats

  • This quiz has been taken 13 times
  • The average score is 6 of 7

Answer Stats

HintAnswer% Correct
Gē Yà Ní YǎGoiânia
100%
Guā Dá Lā Hā LāGuadalajara
100%
Gē Yìn Bài TuóCoimbatore
92%
Gē Běn Hā GēnCopenhagen
92%
Gé Lā Sī GēGlasgow
85%
Guā Yà Jī ĚrGuayaquil
85%
Gē Lún BùColumbus
31%

Score Distribution

Percentile by Number Answered

Percent of People with Each Score

Your Score History

You have not taken this quiz